Logo CIB grande

QUALITY AND PRODUCTIVITY FOR BANKERS AND FINANCIAL MANAGERS (Registro nro. 216645)

Detalles MARC
000 -LEADER
campo de control de longitud fija 00685nam a2200265Ia 4500
005 - FECHA Y HORA DE LA ÚLTIMA TRANSACCIÓN
campo de control 20250425161819.0
008 - DATOS DE LONGITUD FIJA--INFORMACIÓN GENERAL
campo de control de longitud fija 250425s9999 xx 000 0 und d
020 ## - NÚMERO INTERNACIONAL ESTÁNDAR DEL LIBRO
Número Internacional Estándar del Libro 0284776828
041 ## - CÓDIGO DE IDIOMA
Código de lengua del texto/banda sonora o título independiente spa
082 ## - NÚMERO DE LA CLASIFICACIÓN DECIMAL DEWEY
Número de clasificación 332.1
010 ## - NÚMERO DE CONTROL DE LA BIBLIOTECA DEL CONGRESO
Número de control de LC 30743
100 ## - ENTRADA PRINCIPAL--NOMBRE DE PERSONA
Nombre de persona LATZKO, WILLIAM J
245 #0 - MENCIÓN DEL TÍTULO
Título QUALITY AND PRODUCTIVITY FOR BANKERS AND FINANCIAL MANAGERS
250 ## - MENCION DE EDICION
Mención de edición 1A ED.
260 ## - PUBLICACIÓN, DISTRIBUCIÓN, ETC.
Lugar de publicación, distribución, etc. Estados Unidos
Nombre del editor, distribuidor, etc. MARCEL DERKER, INC.
Fecha de publicación, distribución, etc. 1986
260 ## - PUBLICACIÓN, DISTRIBUCIÓN, ETC.
Lugar de publicación, distribución, etc. NEW YORK
300 ## - DESCRIPCIÓN FÍSICA
Extensión 207
500 ## - NOTA GENERAL
Nota general Quality and reliability n. 10
650 ## - PUNTO DE ACCESO ADICIONAL DE MATERIA--TÉRMINO DE MATERIA
Término de materia o nombre geográfico como elemento de entrada BANCOS
650 ## - PUNTO DE ACCESO ADICIONAL DE MATERIA--TÉRMINO DE MATERIA
Término de materia o nombre geográfico como elemento de entrada CONTROL DE CALIDAD
650 ## - PUNTO DE ACCESO ADICIONAL DE MATERIA--TÉRMINO DE MATERIA
Término de materia o nombre geográfico como elemento de entrada CONTROL DE PROCESOS
650 ## - PUNTO DE ACCESO ADICIONAL DE MATERIA--TÉRMINO DE MATERIA
Término de materia o nombre geográfico como elemento de entrada PRODUCTIVIDAD
710 ## - ENTRADA AGREGADA--NOMBRE DE ENTIDAD CORPORATIVA
Nombre de entidad corporativa o nombre de jurisdicción como elemento de entrada MARCEL DEKKER
942 ## - ELEMENTOS DE ENTRADA SECUNDARIOS (KOHA)
Tipo de ítem Koha Libros
Existencias
Estatus retirado Estado de pérdida Estado de daño No para préstamo Biblioteca de origen Biblioteca actual Ubicación en estantería Fecha de adquisición Coste, precio normal de compra Total de préstamos Código de barras Copia número Nota pública
        ESCUELA DE NEGOCIOS ESCUELA DE NEGOCIOS   17/11/2000 1.00   D-P 00683 1 DONADO

Copyright 2025 ESPOL. Todos los derechos reservados.